<?xml version="1.0" encoding="UTF-8"?>
<collection xmlns="http://www.loc.gov/MARC21/slim">
<record>
  <controlfield tag="001">6487</controlfield>
  <controlfield tag="005">20230817162844.0</controlfield>
  <datafield tag="037" ind1=" " ind2=" ">
    <subfield code="a">CTALK-2023-0116</subfield>
  </datafield>
  <datafield tag="100" ind1=" " ind2=" ">
    <subfield code="a">Podladchikova, O.</subfield>
  </datafield>
  <datafield tag="245" ind1=" " ind2=" ">
    <subfield code="a">Picoflares in the Quiet Solar Corona</subfield>
  </datafield>
  <datafield tag="260" ind1=" " ind2=" ">
    <subfield code="c">2023</subfield>
  </datafield>
  <datafield tag="269" ind1=" " ind2=" ">
    <subfield code="c">2023-05-10</subfield>
  </datafield>
  <datafield tag="520" ind1=" " ind2=" ">
    <subfield code="a">On May 30, 2020, the Solar Orbiter High-Resolution Imager operating in 174 A being for the first time approximately at a half AU to the Sun, registered a large number of short, small-scale heating events, often called campfires, with rich morphology and smaller space-time characteristics than nanoflares. We estimate the thermal energy of the heating events from increases in the emission measure and temperature using methods assessing thermal energy in flares. We compare these with the characteristics of X-ray flares, in particular, those recorded by the X-ray spectrometer/telescope onboard Solar Orbiter. We found campfires emit thermal energy in picoflares range. The additional previously unaccounted energy input of is about 1% to the total required to sustain quiet solar corona power. The observed frequency distribution would have to continue to the femtoflares range to fulfill the observed heating requirement. We explain the existence of solar flares below the expected nanoflare threshold as follows. They originate in small coronal loops of 200-5000 km, smaller than considered by Parker. Some picoflares show only a partial energy release along a single loop.</subfield>
  </datafield>
  <datafield tag="594" ind1=" " ind2=" ">
    <subfield code="a">STCE</subfield>
  </datafield>
  <datafield tag="700" ind1=" " ind2=" ">
    <subfield code="a">Veronig, A.</subfield>
  </datafield>
  <datafield tag="700" ind1=" " ind2=" ">
    <subfield code="a">Verbeeck, C.</subfield>
  </datafield>
  <datafield tag="700" ind1=" " ind2=" ">
    <subfield code="a">Schuller, F.</subfield>
  </datafield>
  <datafield tag="700" ind1=" " ind2=" ">
    <subfield code="a">Velli, M.</subfield>
  </datafield>
  <datafield tag="700" ind1=" " ind2=" ">
    <subfield code="a">Warmuth, A.</subfield>
  </datafield>
  <datafield tag="773" ind1=" " ind2=" ">
    <subfield code="t">SOLARNET Conference: The Many Scales of the Magnetic Sun, Potsdam</subfield>
  </datafield>
  <datafield tag="856" ind1="0" ind2=" ">
    <subfield code="f">francis.verbeeck@ksb-orb.be</subfield>
  </datafield>
  <datafield tag="906" ind1=" " ind2=" ">
    <subfield code="a">Contributed</subfield>
  </datafield>
  <datafield tag="980" ind1=" " ind2=" ">
    <subfield code="a">CTALKCONT</subfield>
  </datafield>
</record>
</collection>